000 01143cam a22002654a 4500
999 _c57874
_d57874
001 16611993
005 20221107151850.0
008 110114s2012 nyua b 001 0 eng
020 _a9780415877572 (pbk.) X
041 _aeng
080 _a37 + 616.896
245 0 0 _aEducating students with autism spectrum disorders :
_bresearch-based principles and practices /
_cedited by Dianne Zager, Michael L. Wehmeyer, and Richard L. Simpson.
264 _aNew York :
_bRoutledge,
_c2012.
300 _a337 p. :
_bill. ;
_c26 cm.
650 0 _aAutism.
_9618
650 0 _aInclusive education.
_910652
653 _aაუტიზმის სპექტრის აშლილობის მქონე სტუდენტების განათლება
653 _aმედიცინა
653 _aპედაგოგიკა
653 _aგანათლება
700 1 _aBerkell Zager, Dianne,
_d1948-
_eრედაქტორი
_910653
700 1 _aWehmeyer, Michael L.
_eრედაქტორი
_910654
700 1 _aSimpson, Richard L.
_eრედაქტორი
_910655
942 _2udc
_cBK